00630nam a2200193Ia 4500008004100000020001800041082001700059100002100076245005300097250000800150260004600158300003000204500001900234600002700253650001500280942000700295952011900302999001500421240925s9999 xx 000 0 und d a9788177586435 a621.3815 FLO aFloyd, Thomas L. 0aElectronic Devices: Conventional Current Version a7th aNew Delhi:bPearson Printice Hallc,2008. axxvii,530p.bNAfOriginal aIncludes Index aEngineering Technology aTechnology cBK 001040708ETaUITUbUITUd2007-01-26eF.B.Cg295.00l0o621.3815 FLOpQ6900r2024-09-25 07:14:24w2024-09-25yBK c9399d9399